[Event "Campeonato del Mundo Sub-20 2007 Fem."]
[Site "Yerevan ARM"]
[Date "2007.10.03"]
[Round "1.1"]
[White "Harika, Dronavalli"]
[Black "Hamza, Amira"]
[Result "1-0"]
[WhiteElo "2480"]
[BlackElo "1961"]
[PlyCount "71"]
[EventDate "2007.10.03"]
[EventType "swiss"]
[EventRounds "13"]
[EventCountry "ARM"]
[Source "lmi"]
[SourceDate "2007.10.03"]

1. d4 d5 2. c4 e6 3. Nc3 Nf6 4. cxd5 exd5 5. Bg5 Be7 6. e3 Bf5 7. Bxf6 Bxf6 8.
Qb3 Nd7 9. Nxd5 Rb8 10. Nf3 O-O 11. Bd3 Bxd3 12. Qxd3 c6 13. Nxf6+ Nxf6 14. Qa3
Qb6 15. O-O Rbd8 16. Rfc1 Nd5 17. Ne5 a6 18. Rd1 Qb4 19. Qxb4 Nxb4 20. a3 Nd5
21. Nd3 Rfe8 22. Nc5 Re7 23. Rd3 b6 24. Na4 Rc7 25. Rc1 b5 26. Nc3 c5 27. Nxd5
Rxd5 28. Rdc3 c4 29. b3 g6 30. bxc4 bxc4 31. Rxc4 Rb7 32. Ra4 Rb6 33. g3 Kg7
34. e4 Rd7 35. Kg2 Re7 36. d5 1-0

[Event "Campeonato del Mundo Sub-20 2007 Fem."]
[Site "Yerevan ARM"]
[Date "2007.10.03"]
[Round "1.3"]
[White "Mongontuul, Bathuyag"]
[Black "Kharatyan, Anahit"]
[Result "1-0"]
[WhiteElo "2405"]
[BlackElo "2102"]
[PlyCount "45"]
[EventDate "2007.10.03"]
[EventType "swiss"]
[EventRounds "13"]
[EventCountry "ARM"]
[Source "lmi"]
[SourceDate "2007.10.03"]

1. d4 f5 2. Nc3 Nf6 3. Bf4 e6 4. e3 d5 5. Bd3 c6 6. Qf3 Bd6 7. O-O-O b6 8. Nge2
Ba6 9. h3 Qd7 10. g4 g6 11. gxf5 exf5 12. h4 Bxd3 13. cxd3 Na6 14. Be5 Bxe5 15.
dxe5 Nh5 16. e4 d4 17. e6 Qd6 18. e5 Qc5 19. Nxd4 Nb4 20. Nb3 Nxa2+ 21. Kd2
Qxe5 22. Qxc6+ Ke7 23. Qd7+ 1-0

[Event "Campeonato del Mundo Sub-20 2007 Fem."]
[Site "Yerevan ARM"]
[Date "2007.10.03"]
[Round "1.5"]
[White "Melia, Salome"]
[Black "Darbinyan, Ani"]
[Result "1/2-1/2"]
[WhiteElo "2365"]
[BlackElo "2085"]
[PlyCount "29"]
[EventDate "2007.10.03"]
[EventType "swiss"]
[EventRounds "13"]
[EventCountry "ARM"]
[Source "lmi"]
[SourceDate "2007.10.03"]

1. e4 d5 2. exd5 Qxd5 3. Nc3 Qa5 4. d4 Nf6 5. Bd2 c6 6. Bc4 Bf5 7. Nf3 e6 8.
Qe2 Bb4 9. Ne5 Nbd7 10. O-O-O Nxe5 11. dxe5 Nd5 12. Bxd5 exd5 13. g4 d4 14. Nb1
Be6 15. Bxb4 1/2-1/2

[Event "Campeonato del Mundo Sub-20 2007 Fem."]
[Site "Yerevan ARM"]
[Date "2007.10.03"]
[Round "1.6"]
[White "Tjolsen, Katrine"]
[Black "Nebolsina, Vera"]
[Result "0-1"]
[WhiteElo "2081"]
[BlackElo "2349"]
[PlyCount "77"]
[EventDate "2007.10.03"]
[EventType "swiss"]
[EventRounds "13"]
[EventCountry "ARM"]
[Source "lmi"]
[SourceDate "2007.10.03"]

1. g3 Nf6 2. Bg2 d5 3. Nf3 g6 4. O-O Bg7 5. d3 O-O 6. Nbd2 d4 7. e4 dxe3 8.
fxe3 c5 9. Ne5 Qc7 10. Ndc4 Nbd7 11. Nxd7 Bxd7 12. e4 Ng4 13. Bf4 Bd4+ 14. Kh1
e5 15. Bd2 b5 16. c3 Nf2+ 17. Rxf2 Bxf2 18. Qf3 bxc4 19. Bh6 Qb6 20. dxc4 Rfd8
21. Qxf2 Be8 22. Rf1 Rac8 23. Bg5 Rd3 24. Bh3 Rc7 25. Bg4 Bc6 26. Qe2 Qb7 27.
Qxd3 Bxe4+ 28. Bf3 Bxd3 29. Bxb7 Bxf1 30. Bd5 Kg7 31. Kg1 Bd3 32. Kf2 f5 33.
Bd2 Rc8 34. a3 Kf6 35. Ke3 Bb1 36. b4 g5 37. b5 Bc2 38. Be1 e4 39. Kd2 0-1

[Event "Campeonato del Mundo Sub-20 2007 Fem."]
[Site "Yerevan ARM"]
[Date "2007.10.03"]
[Round "1.9"]
[White "Khotenashvili, Bela"]
[Black "Bayat, Shohreh"]
[Result "1-0"]
[WhiteElo "2328"]
[BlackElo "2076"]
[PlyCount "63"]
[EventDate "2007.10.03"]
[EventType "swiss"]
[EventRounds "13"]
[EventCountry "ARM"]
[Source "lmi"]
[SourceDate "2007.10.03"]

1. e4 e6 2. d4 d5 3. exd5 exd5 4. Bd3 Nc6 5. c3 Bd6 6. h3 Nge7 7. Qc2 Be6 8.
Ne2 Qd7 9. Nf4 Bxf4 10. Bxf4 Bf5 11. O-O O-O 12. Nd2 Bxd3 13. Qxd3 Ng6 14. Bh2
f5 15. Rfe1 f4 16. Nf3 a6 17. Re2 Qf5 18. Qxf5 Rxf5 19. Rae1 Kf8 20. Re6 Rd8
21. h4 Nge7 22. Ng5 h6 23. Rxe7 Nxe7 24. Ne6+ Ke8 25. Nxg7+ Kd7 26. Nxf5 Nxf5
27. Re5 Rf8 28. Rxd5+ Kc8 29. Bxf4 c6 30. Re5 Nxh4 31. Bxh6 Rg8 32. Rg5 1-0

[Event "Campeonato del Mundo Sub-20 2007 Fem."]
[Site "Yerevan ARM"]
[Date "2007.10.03"]
[Round "1.11"]
[White "Rudolf, Anna"]
[Black "Hairapetian, Anna"]
[Result "0-1"]
[WhiteElo "2273"]
[BlackElo "2030"]
[PlyCount "56"]
[EventDate "2007.10.03"]
[EventType "swiss"]
[EventRounds "13"]
[EventCountry "ARM"]
[Source "lmi"]
[SourceDate "2007.10.03"]

1. e4 c5 2. Nf3 Nc6 3. d4 cxd4 4. Nxd4 Nf6 5. Nc3 e5 6. Ndb5 d6 7. Bg5 a6 8.
Na3 b5 9. Bxf6 gxf6 10. Nd5 f5 11. c3 Bg7 12. Bd3 Be6 13. Nxb5 axb5 14. Bxb5
O-O 15. Bxc6 Rc8 16. Nb4 fxe4 17. Bxe4 Qh4 18. Bd5 Bg4 19. Qb3 e4 20. O-O Bf3
21. gxf3 Be5 22. Rfd1 Qh3 23. f4 Bxf4 24. Nd3 Bxh2+ 25. Kh1 Bf4+ 26. Kg1 Kh8
27. Bxf7 exd3 28. Rxd3 Bh2+ 0-1

[Event "Campeonato del Mundo Sub-20 2007 Fem."]
[Site "Yerevan ARM"]
[Date "2007.10.03"]
[Round "1.12"]
[White "Lovece, Ruth"]
[Black "Gomes, Mary Ann"]
[Result "0-1"]
[WhiteElo "2010"]
[BlackElo "2262"]
[PlyCount "62"]
[EventDate "2007.10.03"]
[EventType "swiss"]
[EventRounds "13"]
[EventCountry "ARM"]
[Source "lmi"]
[SourceDate "2007.10.03"]

1. e4 c5 2. Nf3 d6 3. d4 cxd4 4. Nxd4 Nf6 5. Nc3 a6 6. Be2 e5 7. Nb3 Be7 8. O-O
O-O 9. f4 exf4 10. Bxf4 Nc6 11. a4 Be6 12. Kh1 d5 13. exd5 Nxd5 14. Nxd5 Bxd5
15. Nd2 Bf6 16. c3 Ne5 17. Nf3 Ng6 18. Bg3 Re8 19. a5 h5 20. Bf2 Nf4 21. Re1
Rxe2 22. Rxe2 Bxf3 23. Qxd8+ Rxd8 24. Re3 Bxg2+ 25. Kg1 Bc6 26. Bg3 Nh3+ 27.
Kf1 Rd2 28. b4 Bb5+ 29. Ke1 Rg2 30. Rd1 Rg1+ 31. Kd2 Bg5 0-1

[Event "Campeonato del Mundo Sub-20 2007 Fem."]
[Site "Yerevan ARM"]
[Date "2007.10.03"]
[Round "1.13"]
[White "Arutyunova, Diana"]
[Black "Zarkua, Elisabed"]
[Result "1/2-1/2"]
[WhiteElo "2256"]
[BlackElo "2009"]
[PlyCount "73"]
[EventDate "2007.10.03"]
[EventType "swiss"]
[EventRounds "13"]
[EventCountry "ARM"]
[Source "lmi"]
[SourceDate "2007.10.03"]

1. e4 c5 2. Nf3 d6 3. d4 cxd4 4. Nxd4 Nf6 5. Nc3 Nc6 6. Be3 Ng4 7. Bg5 Qb6 8.
Bb5 Bd7 9. O-O Nxf2 10. Rxf2 Qxd4 11. Qf3 Ne5 12. Bxd7+ Kxd7 13. Qh3+ e6 14.
Bf4 f6 15. Rd1 Qc4 16. b3 Qc5 17. b4 Qc4 18. Bxe5 fxe5 19. Rf7+ Be7 20. Qg3
Rhf8 21. Rxg7 Rac8 22. Qg5 Rce8 23. Qe3 b6 24. a3 Rf6 25. Rxh7 Ref8 26. h3 Rf1+
27. Rxf1 Qxf1+ 28. Kh2 Rg8 29. Qf3 Qxf3 30. gxf3 Rc8 31. Nd1 Rxc2+ 32. Kg3 Ke8
33. h4 Ra2 34. h5 Bg5 35. h6 Bf4+ 36. Kg4 Rg2+ 37. Kh5 1/2-1/2

[Event "Campeonato del Mundo Sub-20 2007 Fem."]
[Site "Yerevan ARM"]
[Date "2007.10.03"]
[Round "1.15"]
[White "Soumya, Swaminathan"]
[Black "Alaverdyan, Lusine"]
[Result "1-0"]
[WhiteElo "2244"]
[BlackElo "1990"]
[PlyCount "49"]
[EventDate "2007.10.03"]
[EventType "swiss"]
[EventRounds "13"]
[EventCountry "ARM"]
[Source "lmi"]
[SourceDate "2007.10.03"]

1. e4 c5 2. Nf3 Nc6 3. d4 cxd4 4. Nxd4 Nf6 5. Nc3 g6 6. Be3 d6 7. f3 Bg7 8. Qd2
O-O 9. Bc4 Bd7 10. O-O-O Qb8 11. h4 b5 12. Bb3 b4 13. Nd5 Nxd5 14. Bxd5 Rc8 15.
h5 e6 16. Bxc6 Bxc6 17. hxg6 hxg6 18. Bh6 Bf6 19. Bg5 Bg7 20. Qf2 e5 21. Qh4 f5
22. Ne6 Kf7 23. Qh7 Re8 24. Qxg7+ Kxe6 25. Rh7 1-0

[Event "Campeonato del Mundo Sub-20 2007 Fem."]
[Site "Yerevan ARM"]
[Date "2007.10.03"]
[Round "1.16"]
[White "Mnatsakanyan, Diana"]
[Black "Dauletova, Gulmira"]
[Result "0-1"]
[WhiteElo "1970"]
[BlackElo "2210"]
[PlyCount "45"]
[EventDate "2007.10.03"]
[EventType "swiss"]
[EventRounds "13"]
[EventCountry "ARM"]
[Source "lmi"]
[SourceDate "2007.10.03"]

1. e4 c5 2. Nf3 d6 3. d4 cxd4 4. Nxd4 Nf6 5. Nc3 g6 6. Be3 Bg7 7. f3 O-O 8. Qd2
Nc6 9. O-O-O d5 10. Qe1 e5 11. Nxc6 bxc6 12. exd5 Nxd5 13. Bc4 Be6 14. h4 Qc7
15. Bxd5 cxd5 16. Nxd5 Qb7 17. Nc3 Rab8 18. b3 Rfc8 19. h5 Qb4 20. Nd5 Qa3+ 21.
Kb1 Bf5 22. Ka1 Rxc2 23. Nc3 0-1

[Event "Campeonato del Mundo Sub-20 2007 Fem."]
[Site "Yerevan ARM"]
[Date "2007.10.03"]
[Round "1.17"]
[White "Borosova, Zuzana"]
[Black "Hegarty, Sarah N"]
[Result "1-0"]
[WhiteElo "2233"]
[BlackElo "1967"]
[PlyCount "85"]
[EventDate "2007.10.03"]
[EventType "swiss"]
[EventRounds "13"]
[EventCountry "ARM"]
[Source "lmi"]
[SourceDate "2007.10.03"]

1. e4 c5 2. Nf3 Nc6 3. d4 cxd4 4. Nxd4 g6 5. c4 Bg7 6. Be3 Nf6 7. Nc3 Ng4 8.
Qxg4 Nxd4 9. Qd1 e5 10. Nb5 Nxb5 11. cxb5 O-O 12. Bc5 Re8 13. Bc4 Bf8 14. Bxf8
Kxf8 15. Qd6+ Qe7 16. Qxe7+ Kxe7 17. Rc1 b6 18. Bd5 Rb8 19. Rc7 a6 20. a4 axb5
21. axb5 Kd6 22. Ra7 f5 23. Ke2 fxe4 24. Bxe4 Ke6 25. Rd1 Re7 26. g4 Kf6 27. h4
Re6 28. g5+ Kg7 29. Rda1 Kf8 30. Ke3 Re8 31. Ra8 Rxa8 32. Rxa8 Ke7 33. Rb8 Rd8
34. Bd5 Kd6 35. Bb7 Kc7 36. Rxc8+ Rxc8 37. Bxc8 Kxc8 38. Ke4 d6 39. Kd5 Kd7 40.
b3 Ke7 41. Kc6 Ke6 42. Kxb6 Kd7 43. Ka7 1-0

[Event "Campeonato del Mundo Sub-20 2007 Fem."]
[Site "Yerevan ARM"]
[Date "2007.10.03"]
[Round "1.18"]
[White "Karapetyan, Lusine"]
[Black "Padmini, Rout"]
[Result "0-1"]
[WhiteElo "1950"]
[BlackElo "2226"]
[PlyCount "46"]
[EventDate "2007.10.03"]
[EventType "swiss"]
[EventRounds "13"]
[EventCountry "ARM"]
[Source "lmi"]
[SourceDate "2007.10.03"]

1. e4 c5 2. Nf3 d6 3. d4 cxd4 4. Nxd4 Nf6 5. Nc3 a6 6. Bc4 e6 7. Bb3 Be7 8. g4
h6 9. Be3 Nc6 10. Rg1 g5 11. Qe2 Ne5 12. O-O-O Bd7 13. h4 Rg8 14. f3 Rc8 15.
Rh1 b5 16. hxg5 hxg5 17. Bxg5 b4 18. Bxf6 Bxf6 19. Nb1 Bg5+ 20. Nd2 a5 21. Nb5
Qb6 22. a4 bxa3 23. Ba4 a2 0-1

[Event "Campeonato del Mundo Sub-20 2007 Fem."]
[Site "Yerevan ARM"]
[Date "2007.10.03"]
[Round "1.19"]
[White "Hoolt, Sarah"]
[Black "Salvador, Aices"]
[Result "1-0"]
[WhiteElo "2199"]
[BlackElo "1927"]
[PlyCount "89"]
[EventDate "2007.10.03"]
[EventType "swiss"]
[EventRounds "13"]
[EventCountry "ARM"]
[Source "lmi"]
[SourceDate "2007.10.03"]

1. e4 e6 2. d3 d5 3. Nd2 Nf6 4. Ngf3 Nc6 5. c3 e5 6. Be2 Be6 7. O-O h6 8. b4 a6
9. Bb2 Be7 10. a4 dxe4 11. dxe4 Bd6 12. Qc2 Nd7 13. Rfd1 O-O 14. Bc4 Bg4 15. h3
Bh5 16. Be2 Bxf3 17. Nxf3 Qf6 18. Nd2 Rfd8 19. Nc4 Nf8 20. Ne3 Ne7 21. Ng4 Qg5
22. Rd3 Neg6 23. Rad1 Nf4 24. Rg3 N8g6 25. Bc4 h5 26. Ne3 Qf6 27. Nf5 Bf8 28.
Bc1 Qc6 29. Bxf4 Qxc4 30. Rxd8 Rxd8 31. Bg5 f6 32. Bxf6 gxf6 33. Rxg6+ Kf7 34.
Rg3 Bxb4 35. Qb2 Rd1+ 36. Kh2 Bf8 37. Qxb7 Rd7 38. Ne3 Qxa4 39. Nd5 Qxe4 40. c4
Qxc4 41. Ne3 Qa4 42. Qf3 Qf4 43. Qxh5+ Ke6 44. Qe8+ Be7 45. Qg8+ 1-0

[Event "Campeonato del Mundo Sub-20 2007 Fem."]
[Site "Yerevan ARM"]
[Date "2007.10.03"]
[Round "1.20"]
[White "Van Hoecke, Elena"]
[Black "Airapetian, Tatevik"]
[Result "0-1"]
[WhiteElo "1875"]
[BlackElo "2193"]
[PlyCount "66"]
[EventDate "2007.10.03"]
[EventType "swiss"]
[EventRounds "13"]
[EventCountry "ARM"]
[Source "lmi"]
[SourceDate "2007.10.03"]

1. d4 Nf6 2. Bf4 g6 3. e3 Bg7 4. Bd3 O-O 5. h3 d6 6. Nf3 Nfd7 7. c3 e5 8. dxe5
dxe5 9. Bh2 Qe7 10. Qc2 Nc5 11. Bc4 Bf5 12. Qe2 c6 13. b4 Ne4 14. O-O Nd7 15.
Rc1 Nb6 16. Nbd2 Rfd8 17. Nxe4 Bxe4 18. Bb3 a5 19. a3 axb4 20. axb4 Bxf3 21.
gxf3 Rxa1 22. Rxa1 e4 23. Rc1 Nd5 24. Bxd5 Rxd5 25. fxe4 Rg5+ 26. Bg3 Qxe4 27.
Kh2 h5 28. h4 Rd5 29. f3 Qe7 30. e4 Be5 31. Kg2 Bxg3 32. Kxg3 Qd6+ 33. Kh3 Rd2
0-1

[Event "Campeonato del Mundo Sub-20 2007 Fem."]
[Site "Yerevan ARM"]
[Date "2007.10.04"]
[Round "2.1"]
[White "Padmini, Rout"]
[Black "Harika, Dronavalli"]
[Result "1-0"]
[WhiteElo "2226"]
[BlackElo "2480"]
[PlyCount "65"]
[EventDate "2007.10.03"]
[EventType "swiss"]
[EventRounds "13"]
[EventCountry "ARM"]
[Source "lmi"]
[SourceDate "2007.10.03"]

1. e4 c5 2. Nf3 g6 3. d4 Bg7 4. c4 d6 5. Nc3 Bg4 6. d5 Nf6 7. Be2 O-O 8. O-O
Na6 9. Be3 Nc7 10. Qd2 a6 11. a4 Rb8 12. h3 Bxf3 13. gxf3 Qd7 14. Kg2 e6 15. a5
exd5 16. cxd5 Rfe8 17. Rab1 b5 18. b4 c4 19. Bd4 Qe7 20. Rbe1 Qf8 21. Bd1 Nh5
22. Bxg7 Qxg7 23. f4 Nxf4+ 24. Qxf4 Qxc3 25. Qxd6 Rbc8 26. Re3 Qb2 27. Bg4 f5
28. Bxf5 gxf5 29. e5 f4 30. Kh1 Rf8 31. Rg1+ Kh8 32. Qe7 Ne6 33. dxe6 1-0

[Event "Campeonato del Mundo Sub-20 2007 Fem."]
[Site "Yerevan ARM"]
[Date "2007.10.04"]
[Round "2.3"]
[White "Airapetian, Tatevik"]
[Black "Mongontuul, Bathuyag"]
[Result "1/2-1/2"]
[WhiteElo "2193"]
[BlackElo "2405"]
[PlyCount "56"]
[EventDate "2007.10.03"]
[EventType "swiss"]
[EventRounds "13"]
[EventCountry "ARM"]
[Source "lmi"]
[SourceDate "2007.10.03"]

1. e4 c5 2. Nf3 Nc6 3. d4 cxd4 4. Nxd4 g6 5. Nc3 Bg7 6. Be3 Nf6 7. Nxc6 bxc6 8.
e5 Nd5 9. Nxd5 cxd5 10. Qxd5 Rb8 11. Bc4 O-O 12. f4 d6 13. Rd1 Be6 14. Qd3 Bg4
15. Rd2 dxe5 16. Qxd8 Rfxd8 17. Rxd8+ Rxd8 18. O-O exf4 19. Rxf4 Bh6 20. Re4
Bxe3+ 21. Rxe3 Rd1+ 22. Kf2 Kf8 23. Bd3 h5 24. Re5 Rd2+ 25. Kf1 Rd1+ 26. Kf2
Rd2+ 27. Kf1 Rd1+ 28. Kf2 Rd2+ 1/2-1/2

[Event "Campeonato del Mundo Sub-20 2007 Fem."]
[Site "Yerevan ARM"]
[Date "2007.10.04"]
[Round "2.5"]
[White "Pertlova, Sona"]
[Black "Karavade, Eesha"]
[Result "0-1"]
[WhiteElo "2169"]
[BlackElo "2331"]
[PlyCount "60"]
[EventDate "2007.10.03"]
[EventType "swiss"]
[EventRounds "13"]
[EventCountry "ARM"]
[Source "lmi"]
[SourceDate "2007.10.03"]

1. d4 Nf6 2. c4 g6 3. Nc3 d5 4. cxd5 Nxd5 5. Na4 Bg7 6. e4 Nb6 7. Be3 O-O 8.
Nf3 Nc6 9. Be2 Bg4 10. Nxb6 axb6 11. d5 Ne5 12. Nxe5 Bxe2 13. Qxe2 Bxe5 14. O-O
Ra4 15. Qc2 b5 16. f4 Bg7 17. b3 Ra6 18. Rad1 Qd7 19. Rc1 c6 20. Rfd1 Rfa8 21.
Qc5 Rxa2 22. dxc6 Qg4 23. Rd2 Rxd2 24. Bxd2 bxc6 25. Qxc6 Rd8 26. Be3 Qe2 27.
Qc5 Bb2 28. Rf1 Rd3 29. Rb1 Rxe3 30. Rxb2 Qe1# 0-1

[Event "Campeonato del Mundo Sub-20 2007 Fem."]
[Site "Yerevan ARM"]
[Date "2007.10.04"]
[Round "2.8"]
[White "Gomes, Mary Ann"]
[Black "Priya Panneer, Ramachandran"]
[Result "1-0"]
[WhiteElo "2262"]
[BlackElo "2129"]
[PlyCount "83"]
[EventDate "2007.10.03"]
[EventType "swiss"]
[EventRounds "13"]
[EventCountry "ARM"]
[Source "lmi"]
[SourceDate "2007.10.03"]

1. Nf3 Nf6 2. c4 Nc6 3. d4 e6 4. g3 Bb4+ 5. Bd2 Qe7 6. a3 Bxd2+ 7. Nbxd2 a5 8.
Bg2 d6 9. O-O O-O 10. e4 e5 11. d5 Nb8 12. b4 b6 13. Qc2 Na6 14. Qc3 Bg4 15. h3
Bxf3 16. Bxf3 Nb8 17. c5 bxc5 18. bxc5 Nbd7 19. c6 Nc5 20. Rab1 Qd8 21. Rfe1
Qc8 22. Kg2 Qa6 23. Be2 Qa7 24. Bd1 Rfb8 25. Bc2 Rxb1 26. Rxb1 Qa6 27. a4 h5
28. Rb5 h4 29. g4 Qa7 30. f3 Nh7 31. Nc4 Nf8 32. Rxa5 Qb8 33. Rxa8 Qxa8 34.
Nxe5 Nxa4 35. Bxa4 dxe5 36. Qb4 Ng6 37. d6 Nf4+ 38. Kf1 Qa6+ 39. Qb5 Qxb5+ 40.
Bxb5 Ne6 41. Bc4 Nd4 42. dxc7 1-0

[Event "Campeonato del Mundo Sub-20 2007 Fem."]
[Site "Yerevan ARM"]
[Date "2007.10.04"]
[Round "2.11"]
[White "Dauletova, Gulmira"]
[Black "Bolon, Karelle"]
[Result "1/2-1/2"]
[WhiteElo "2210"]
[BlackElo "2103"]
[PlyCount "80"]
[EventDate "2007.10.03"]
[EventType "swiss"]
[EventRounds "13"]
[EventCountry "ARM"]
[Source "lmi"]
[SourceDate "2007.10.03"]

1. e4 c5 2. Nf3 g6 3. d4 cxd4 4. Nxd4 Nc6 5. Be3 Nf6 6. Nc3 Bg7 7. Bc4 O-O 8.
Bb3 a5 9. a4 Ng4 10. Nxc6 Nxe3 11. Nxd8 Nxd1 12. Rxd1 Bxc3+ 13. bxc3 Rxd8 14.
Rd4 Ra6 15. Kd2 Kf8 16. Rb1 e6 17. Bc4 Rc6 18. f4 Ke7 19. g4 f6 20. Bd3 d6 21.
Rc4 Kd7 22. h4 Kc7 23. Rxc6+ bxc6 24. Rh1 e5 25. fxe5 fxe5 26. g5 Rf8 27. h5
Rf2+ 28. Ke1 Rg2 29. hxg6 hxg6 30. Rh7+ Kb6 31. Rh8 Bb7 32. Rf8 Rxg5 33. Rf6
Kc5 34. Rf7 Kb6 35. Rf6 Kc7 36. Rf7+ Kb6 37. Rf6 Kc5 38. Rf7 Kb6 39. Rf6 Kc5
40. Rf7 Kb6 1/2-1/2

[Event "Campeonato del Mundo Sub-20 2007 Fem."]
[Site "Yerevan ARM"]
[Date "2007.10.04"]
[Round "2.12"]
[White "Hairapetian, Anna"]
[Black "Borosova, Zuzana"]
[Result "1-0"]
[WhiteElo "2030"]
[BlackElo "2233"]
[PlyCount "107"]
[EventDate "2007.10.03"]
[EventType "swiss"]
[EventRounds "13"]
[EventCountry "ARM"]
[Source "lmi"]
[SourceDate "2007.10.03"]

1. d4 Nf6 2. Nf3 g6 3. Bg5 Bg7 4. Nbd2 d5 5. e3 O-O 6. Bd3 c5 7. c3 Qb6 8. Qb3
c4 9. Qxb6 axb6 10. Bc2 Bf5 11. Bxf5 gxf5 12. a3 e6 13. Bxf6 Bxf6 14. O-O-O Nd7
15. h3 Kh8 16. g4 fxg4 17. hxg4 Rg8 18. Rdg1 Rg7 19. Rh3 b5 20. g5 Be7 21. Rgh1
Rag8 22. Rh5 Nf8 23. Ne5 f6 24. gxf6 Bxf6 25. Ndf3 Bxe5 26. dxe5 Rg2 27. Nd4
Kg7 28. R5h2 Rxh2 29. Rxh2 h6 30. Nxb5 Kh7 31. Nd6 Rg7 32. Kd2 Nd7 33. f4 Nc5
34. f5 exf5 35. Nxf5 Rg6 36. Ne7 Rb6 37. Kd1 Nd3 38. Nxd5 Rxb2 39. Rxb2 Nxb2+
40. Ke2 Nd3 41. e6 Kg7 42. Kf3 Nc5 43. e7 Kf7 44. Kg4 Ne4 45. Kh5 Nd6 46. Kxh6
Ke6 47. e4 Ke5 48. Kg7 Kxe4 49. Nc7 Kd3 50. Kf6 Kxc3 51. Ke6 Kb2 52. Kxd6 c3
53. Nd5 c2 54. Nb4 1-0

[Event "Campeonato del Mundo Sub-20 2007 Fem."]
[Site "Yerevan ARM"]
[Date "2007.10.04"]
[Round "2.15"]
[White "Vega Gutierrez, Sabrina"]
[Black "Gutierrez Mancillas, Alicia Abig"]
[Result "1-0"]
[WhiteElo "2331"]
[BlackElo "1981"]
[PlyCount "105"]
[EventDate "2007.10.03"]
[EventType "swiss"]
[EventRounds "13"]
[EventCountry "ARM"]
[Source "lmi"]
[SourceDate "2007.10.03"]

1. e4 e5 2. Nf3 Nc6 3. Bb5 Nge7 4. c3 d6 5. d4 Bd7 6. Be3 Ng6 7. h4 Be7 8. g3
h5 9. Nbd2 a6 10. Bc4 Qc8 11. Ng5 Bxg5 12. hxg5 h4 13. Qf3 Nd8 14. gxh4 Rxh4
15. Rxh4 Nxh4 16. Qh1 Ng6 17. Qh7 Kf8 18. dxe5 Nxe5 19. Qh8+ Ke7 20. Qxg7 Nxc4
21. Qf6+ Ke8 22. Qh8+ Ke7 23. Qf6+ Ke8 24. Nxc4 Be6 25. Nd2 Nc6 26. O-O-O a5
27. g6 Qd8 28. Qg7 Kd7 29. Nb3 Bxb3 30. axb3 Qg8 31. Qxf7+ Qxf7 32. gxf7 Rf8
33. f4 Rxf7 34. Kd2 Rg7 35. Kd3 Rg2 36. Rd2 Rg3 37. Rh2 Nd8 38. Rh7+ Kc6 39. f5
b6 40. Ke2 Rg2+ 41. Bf2 Rg8 42. Kf3 Rf8 43. Re7 Nf7 44. Bd4 Ng5+ 45. Kf4 Rg8
46. Bg7 Nh3+ 47. Kg4 Nf2+ 48. Kf3 Nd3 49. f6 Ne5+ 50. Rxe5 dxe5 51. f7 Rd8 52.
f8=Q Rxf8+ 53. Bxf8 1-0

[Event "Campeonato del Mundo Sub-20 2007 Fem."]
[Site "Yerevan ARM"]
[Date "2007.10.04"]
[Round "2.19"]
[White "Hegarty, Sarah N"]
[Black "Kulon, Klaudia"]
[Result "1/2-1/2"]
[WhiteElo "1967"]
[BlackElo "2139"]
[PlyCount "55"]
[EventDate "2007.10.03"]
[EventType "swiss"]
[EventRounds "13"]
[EventCountry "ARM"]
[Source "lmi"]
[SourceDate "2007.10.03"]

1. e4 c5 2. Nc3 Nc6 3. d3 g6 4. Be3 d6 5. g3 Bg7 6. Bg2 Rb8 7. Qd2 b5 8. Nge2
Nd4 9. O-O b4 10. Nd1 h5 11. h4 Qa5 12. Bxd4 cxd4 13. f4 Nh6 14. Nf2 O-O 15. a3
Qc5 16. axb4 Rxb4 17. b3 Bd7 18. Rxa7 Qxa7 19. Qxb4 Rc8 20. Rc1 Bg4 21. Nxg4
Nxg4 22. Bh3 Rb8 23. Qa4 Qxa4 24. bxa4 Ne3 25. c3 dxc3 26. Kf2 Ng4+ 27. Bxg4
hxg4 28. Ke3 1/2-1/2

[Event "Campeonato del Mundo Sub-20 2007 Fem."]
[Site "Yerevan ARM"]
[Date "2007.10.04"]
[Round "2.20"]
[White "Hamza, Amira"]
[Black "Karapetyan, Lusine"]
[Result "1-0"]
[WhiteElo "1961"]
[BlackElo "1950"]
[PlyCount "57"]
[EventDate "2007.10.03"]
[EventType "swiss"]
[EventRounds "13"]
[EventCountry "ARM"]
[Source "lmi"]
[SourceDate "2007.10.03"]

1. d4 e6 2. c4 b6 3. Nc3 Bb7 4. e4 Bb4 5. Bd3 Bxc3+ 6. bxc3 Nf6 7. f3 d6 8. Ne2
Nc6 9. Qc2 O-O 10. O-O Ba6 11. Rd1 e5 12. Ba3 Re8 13. c5 Bxd3 14. Rxd3 d5 15.
exd5 Nxd5 16. dxe5 Nxe5 17. Rd4 Qg5 18. Qe4 Nc4 19. Qxd5 Qe3+ 20. Kh1 Qxe2 21.
Qxc4 Qe1+ 22. Qf1 Qxc3 23. Rd3 Qc2 24. Qd1 Qf2 25. h3 bxc5 26. Rd7 Qe3 27. Qd5
Qf4 28. Rd1 c4 29. Qxa8 1-0

[Event "Campeonato del Mundo Sub-20 2007 Fem."]
[Site "Yerevan ARM"]
[Date "2007.10.05"]
[Round "3.2"]
[White "Karavade, Eesha"]
[Black "Padmini, Rout"]
[Result "1-0"]
[WhiteElo "2331"]
[BlackElo "2226"]
[PlyCount "105"]
[EventDate "2007.10.03"]
[EventType "swiss"]
[EventRounds "13"]
[EventCountry "ARM"]
[Source "lmi"]
[SourceDate "2007.10.03"]

1. Nf3 Nf6 2. c4 g6 3. Nc3 d5 4. cxd5 Nxd5 5. Qa4+ Bd7 6. Qb3 Nb6 7. d4 Bg7 8.
e4 O-O 9. Be3 Bg4 10. Rd1 Nc6 11. d5 Ne5 12. Be2 Nxf3+ 13. gxf3 Bh3 14. Rg1 Qc8
15. a4 Qb8 16. Rg3 Bd7 17. a5 Nc8 18. f4 e6 19. Bg4 Nd6 20. dxe6 Bxe6 21. Bxe6
fxe6 22. Qxe6+ Rf7 23. f5 Qe8 24. Qd5 Bxc3+ 25. bxc3 Qxe4 26. fxg6 hxg6 27.
Qxe4 Nxe4 28. Rxg6+ Kh7 29. Rg4 Re8 30. Rd5 Nf6 31. Rf5 Nxg4 32. Rxf7+ Kg6 33.
Rxc7 Nxe3 34. fxe3 Rxe3+ 35. Kd2 Re5 36. a6 bxa6 37. Rc6+ Kf5 38. Rxa6 Re7 39.
Kd3 Rd7+ 40. Kc4 Rc7+ 41. Kd4 Rd7+ 42. Kc5 Ke5 43. c4 Rc7+ 44. Kb5 Rb7+ 45. Kc6
Rh7 46. c5 Rh6+ 47. Kb7 Rh7+ 48. Kb8 Rxh2 49. c6 Rb2+ 50. Kc8 Kd6 51. c7+ Ke7
52. Rxa7 Rh2 53. Kb8 1-0

[Event "Campeonato del Mundo Sub-20 2007 Fem."]
[Site "Yerevan ARM"]
[Date "2007.10.05"]
[Round "3.3"]
[White "Khotenashvili, Bela"]
[Black "Hairapetian, Anna"]
[Result "1-0"]
[WhiteElo "2328"]
[BlackElo "2030"]
[PlyCount "129"]
[EventDate "2007.10.03"]
[EventType "swiss"]
[EventRounds "13"]
[EventCountry "ARM"]
[Source "lmi"]
[SourceDate "2007.10.03"]

1. e4 c5 2. Nc3 d6 3. f4 g6 4. Nf3 Bg7 5. h3 Nc6 6. Bb5 e6 7. Bxc6+ bxc6 8. d3
Ne7 9. O-O O-O 10. Rb1 Rb8 11. Na4 c4 12. b3 cxb3 13. cxb3 Ba6 14. Bb2 Qa5 15.
Bxg7 Kxg7 16. Qc2 c5 17. Rbd1 Nc6 18. e5 Nd4 19. Nxd4 cxd4 20. exd6 Rfc8 21.
Qe2 Rb5 22. Rc1 Rd5 23. Rxc8 Bxc8 24. Rc1 Bd7 25. Rc7 Rxd6 26. Qe5+ Qxe5 27.
fxe5 Rd5 28. Nc5 Be8 29. Nxe6+ Kh6 30. Nf4 Rxe5 31. Rxa7 Kg5 32. g3 h5 33. Kf2
h4 34. Ng2 hxg3+ 35. Kxg3 Bb5 36. Rxf7 Bxd3 37. Rf4 Be4 38. h4+ Kh6 39. Rf2
Bxg2 40. Rxg2 Kh5 41. Kf4 Re6 42. Rd2 d3 43. a4 Re2 44. Rxd3 Kxh4 45. Rd8 Rf2+
46. Ke3 Rb2 47. Rb8 g5 48. a5 g4 49. b4 g3 50. Kd4 g2 51. Rh8+ Kg3 52. Rg8+ Kf2
53. Kc5 g1=Q 54. Rxg1 Kxg1 55. a6 Kf2 56. b5 Rc2+ 57. Kb6 Ke3 58. Ka7 Rc7+ 59.
Kb8 Rh7 60. b6 Kd4 61. b7 Kc5 62. Ka8 Kb6 63. b8=Q+ Kxa6 64. Qd6+ Ka5 65. Qe5+
1-0